000 00891cam a22001934a 4500
005 20250605163929.0
008 250528s ||||||||||||||||||||||||d
035 _a14630
020 _a140137831
040 _aGR-AtMCL
_bgre
_dGR-AtMCL
_eAACR2
245 1 _aPractical Thinking / 4 Ways to Be Right - 5 Ways to Be Wrong - 5 Ways to Understand
260 _bPenguin Books,
_c1991
300 _a192
520 _aHow is it that in an argument both sides are always right? Introduction, Knowing What to Do, The Black Cylinder Experiment, The Five Ways to Understand, The Use of Understanding, The Basic Thinking Processes, The Five Ways to Be Wrong, The Four Ways to Be Right, The YES/NO System, Humor and Insight and PO, Imagination, Creativity, Attention and Clues, Think-2, Conclusion, Summary Notes.
700 1 _aEdward De Bono
_9365
942 _cBK
999 _c254
_d254